00252 a2200097 4500020001800000100001500018245004600033250000800079260004400087650002300131 a9789352705269 aClement I. aTextbook on First Aid & Emergency Nursing a2nd bJaypee Brothers Medical Publisherc2019 aNURSING FOUNDATION